Tennis Player Multiple Choice Quiz - Statistics

General Stats
  • This quiz has been taken 46 times
  • The average score is 7 of 12
Answer Stats
Question Answer % Correct
Who has won the most french open titles? Rafael Nadal
87%
Which man has won 103 titles? Roger Federer
74%
Which one of these players has won only one grand slam? Andy Roddick
72%
Who won all the grand slams in 1969 (Mens) Rod Laver
69%
Which of these players have won four grand slams in one year? Steffi Graf
67%
Which man won the French Open in 1998? Carlos Moya
59%
Who has won the most grand slams in the open era? Serena Williams
56%
Which player won their first grand slam in 1992? Andre Agassi
38%
Which of these players have won the least amount of grand slams? Boris Becker
38%
Who won the men's ATP World Finals in 2017? Grigor Dimitrov
36%
Who has won the most Wimbledon titles? Martina Navratilova
33%
Which woman won the Wimbledon in 1974? Chris Evert
31%
No matching quizzes found
Score Distribution
Percent of People with Each Score
Percentile by Number Answered
Your Score History
You have not taken this quiz